00688nam a2200193Ia 4500001000700000003000500007008004100012010001100053040000900064100003200073245016300105260004100268300001000309502007600319650001900395650002400414650002800438700002800466Z_3460CHAP220113s2000 xx 000 0 und d a166573 cCHAP aMéndez López, Rocío M aComportamiento productivo de ovinos y de una pradera de Dactylis glomerata a tres cargas animales /cpor Rocío M Méndez López y Alfredo Villegas Orona aChapingo, Méx. :bEl autor,c2000 a76 h. aTesis (Ing. Agr. Esp. en Zootecnia) -- UACH. Departamento de Zootecnia aCarga ganadera aDactylis glomerata  aGanado lanarxPastoreo  aVillegas Orona, Alfredo